1954 1270 1109 1961 1115 1573 1002 1521 1680 1394 1454 1692 1502 1261 1585 1860 1091 1636 1445 1415 1406 1183 1479 1801 1187 1962 1705 1792 1224 1806 1929 1348 1795 1221 1580 1801 1625 1394 1687 1262 1389 1516 1877 1301 1360 1911 1772 1309 1242 1807 1167 1808 1590 1895 1396 1151 1380 1881 1975 1358 1288 1624 1527 1626 1463 1592 1039 1422 1601 1906 1474 1784 1724 1111 1846 1032 1737 1194 1589 1033 1253 1683 1024 1922 1422 1622 1885 1751 1069 1306 1331 1050 1995 1331 1065 1636 1990 1611 1423 BCNSPRNW ULIB Ver.6.0+V

เปลี่ยนเป็นภาษาไทย

Change to English
 แสดงรายละเอียดบรรณานุกรม
  กลับหน้าหลัก

Brief Record : Get Marc (ISO 2709) : E-mail record : QR code < ปิดหน้าต่าง
LEADER : 00000nam 2200000uu 4500
001    13399126716
003     ULIB
008    190221s2560||||th 000 0 tha d
020    ^a9786164456730:^c200 บาท
060  0 ^aWA525^bก167ส
100 0  ^aกมลมาลย์ วิรัตน์เศรษฐสิน
245 10 ^aสาธารณสุขและการดำเนินงานชุมชน : ^bจากแนวคิดสู่การปฏิบัติ /^cกมลมาลย์ วิรัตน์เศรษฐสิน
260    ^aกรุงเทพฯ :^bธรรมสภา บันลือธรรม,^c2560
300    ^a183 หน้า;^c26 ซม.
650  4 ^aสาธารณสุขมูลฐาน
650  4 ^aอนามัยชุมชน
945    ^p200^l0^i27071
945    ^p200^l0^i27070
945    ^p200^l0^i27069
945    ^p200^l0^i27068
999    ^aกัณชพร จุลอักษร
รายการนี้ยังไม่มีแท็ก
คุณยังไม่ได้ล็อกอิน คุณสามารถมีกิจกรรมร่วมกับเว็บไซต์ได้ แต่ต้องล็อกอินก่อน ::
  ล็อกอิน

รายการสื่อสารสนเทศ

ลำดับที่ ประเภท เลขเรียก/บาร์โค้ด สถานที่ สถานะ
1. หนังสือสำรอง
หนังสือสำรอง
WA525 ก167ส ฉ.1 
  Barcode: 27068
ห้องสมุดวิทยาเขตนครสวรรค์
►หนังสือทั่วไป:l:General Books
บนชั้น
2. วิทยาศาสตร์การแพทย์ และสุขภาพ
วิทยาศาสตร์การแพทย์ และสุขภาพ
WA525 ก167ส ฉ.2 
  Barcode: 27069
ห้องสมุดวิทยาเขตนครสวรรค์
►หนังสือทั่วไป:l:General Books
บนชั้น
3. วิทยาศาสตร์การแพทย์ และสุขภาพ
วิทยาศาสตร์การแพทย์ และสุขภาพ
WA525 ก167ส ฉ.3 
  Barcode: 27070
ห้องสมุดวิทยาเขตนครสวรรค์
►หนังสือทั่วไป:l:General Books
บนชั้น
4. วิทยาศาสตร์การแพทย์ และสุขภาพ
วิทยาศาสตร์การแพทย์ และสุขภาพ
WA525 ก167ส ฉ.4 
  Barcode: 27071
ห้องสมุดวิทยาเขตนครสวรรค์
►หนังสือทั่วไป:l:General Books
บนชั้น

รายการใกล้เคียง
    ผู้แต่ง [กมลมาลย์ วิรัตน์เศรษฐสิน]

    หัวเรื่อง [สาธารณสุขมูลฐาน]
    หัวเรื่อง [อนามัยชุมชน]

BibComment


ยังไม่เคยถูกคอมเมนท์

คอมเมนท์ทรัพยากรรายการนี้
  คอมเมนท์: สาธารณสุขและการด..


 Copyright 2026. Bcnsprnw @Library